| 000 | 00619nam a22001937a 4500 | ||
|---|---|---|---|
| 999 |
_c18268 _d18268 |
||
| 003 | AR-CdUCM | ||
| 008 | 190513b ||||| |||| 00| 0 spa d | ||
| 040 |
_aMUNICIPALIDAD PROVINCIAL DEL CUSCO _cBIBLIOTECA MUNICIPAL DEL CUSCO |
||
| 082 |
_a348.412 / _bAN61 |
||
| 100 |
_aAngulo A., Jorge M. _930887 |
||
| 245 | _aEl contrato de yanaconaje en el Perú / | ||
| 260 |
_aTrujillo : _bGrafica Trujillo, _c1962. |
||
| 300 |
_a84 paginas ; _c19 cm. |
||
| 500 | _aTodo sobre el contrato de yanaconaje en el Perú | ||
| 650 |
_aPerú _935 |
||
| 650 |
_aYanaconaje _911479 |
||
| 942 |
_2ddc _cLIBROS |
||
| 945 |
_apjha _d2019-05-13 |
||